Pharmacogenomics in clinical therapeutics /

Pharmacogenomics is the process of analyzing patients' genes to predict the onset of adverse reactions or forecast the effectiveness of therapeutic drugs. This useful text is written to discuss both the theory and the clinical application of the principles of pharmacogenomics. Current research...

Full description

Bibliographic Details
Other Authors: DasGupta, A. (Amitava), Langman, Loralie J.
Format: eBook
Language:English
Published: Hoboken : John Wiley & Sons, 2012.
Series:Wiley online library.
Subjects:
Online Access:Connect to the full text of this electronic book

MARC

Tag First Indicator Second Indicator Subfields
LEADER 00000cam a2200000Ka 4500
001 in00002738708
005 20210728124752.0
006 m d
007 cr cn|||||||||
008 120309s2012 nju ob 001 0 eng d
020 |a 1119959608 (electronic bk.) 
020 |a 9781119959601 (electronic bk.) 
035 |a (OCoLC)779616174 
035 |a (OCoLC)ocn779616174 
035 |a 3970719 
037 |a 10.1002/9781119959601  |b Wiley InterScience  |n http://www3.interscience.wiley.com 
040 |a DG1  |b eng  |c DG1  |d TXA  |d UtOrBLW 
049 |a TXAM 
050 4 |a RM301.3.G45  |b P4235 2012eb 
082 0 4 |a 615.7  |2 22 
245 0 0 |a Pharmacogenomics in clinical therapeutics /  |c edited by Loralie J. Langman and Amitava Dasgupta. 
264 1 |a Hoboken :  |b John Wiley & Sons,  |c 2012. 
300 |a 1 online resource (ix, 244 pages) 
336 |a text  |b txt  |2 rdacontent 
337 |a computer  |b c  |2 rdamedia 
338 |a online resource  |b cr  |2 rdacarrier 
500 |a Electronic resource. 
504 |a Includes bibliographical references and index. 
505 0 |a Front Matter -- Pharmacogenomics Principles: Introduction to Personalized Medicine / Parvaz Madadi, Gideon Koren -- Traditional Therapeutic Drug Monitoring and Pharmacogenomics: Are They Complementary? / Christine L H Snozek, Loralie J Langman, Amitava Dasgupta -- Pharmacogenomics Aspect of Warfarin Therapy / Matthew D Krasowski -- Pharmacogenetics and Cancer Chemotherapy / Christine L H Snozek -- Pharmacogenomic Considerations in Anesthesia and Pain Management / Christine M Formea, Wayne T Nicholson -- Pharmacogenomics of Immunosuppressants / Nicolas Picard, Pierre Marquet -- Pharmacogenomics of Cardiovascular Drugs / Linnea M Baudhuin -- Pharmacogenomic Aspects of Antiretroviral Therapy / Natella Y Rakhmanina, John N van den Anker -- Pharmacogenetics of Psychoactive Drugs / Jorge L Sepulveda -- Pharmacogenomic Aspects of Adverse Drug-Drug Interactions / Loralie J Langman, Christine L H Snozek -- Microarray Technology and Other Methods in Pharmacogenomics Testing / Jorge L Sepulveda -- Pharmacogenetic Testing in the Clinical Laboratory Environment / Mark P Borgman, Mark W Linder -- Index. 
520 |a Pharmacogenomics is the process of analyzing patients' genes to predict the onset of adverse reactions or forecast the effectiveness of therapeutic drugs. This useful text is written to discuss both the theory and the clinical application of the principles of pharmacogenomics. Current research has clearly established that a range of treatments may be greatly improved through genetic profiling of individual patients before certain therapies begin. Aimed at clinicians, pharmacologists, and clinical laboratory professionals this book discusses the important role of laboratory tests in the practice of personalized medicine. An important new book, Pharmacogenomics in Clinical Therapeutics serves as a guide to the basic principles of pharmacogenomics in a range of common therapeutic areas and as the basis of the personalized medicine of the future. 
588 |a Description based on print version record. 
650 0 |a Chemotherapy.  |0 http://id.loc.gov/authorities/subjects/sh85023041 
650 0 |a Pharmacogenetics.  |0 http://id.loc.gov/authorities/subjects/sh85100595 
655 7 |a Electronic books.  |2 local 
700 1 |a DasGupta, A.  |q (Amitava)  |0 http://id.loc.gov/authorities/names/no2004083221 
700 1 |a Langman, Loralie J.  |0 http://id.loc.gov/authorities/names/n2011182150 
830 0 |a Wiley online library. 
856 4 0 |u http://proxy.library.tamu.edu/login?url=https://dx.doi.org/10.1002/9781119959601  |z Connect to the full text of this electronic book  |t 0 
948 |a cataloged  |b h  |c 2012/3/23  |d c  |e jlanham  |f 12:45:32 pm 
994 |a C0  |b TXA 
999 |a MARS 
999 f f |s 9d266d02-637c-341f-9c6f-6501d4fe78bb  |i bb724d78-e59f-3167-a046-543b0229642d  |t 0 
952 f f |a Texas A&M University  |b College Station  |c Electronic Resources  |d Available Online  |t 0  |e RM301.3.G45 P4235 2012eb  |h Library of Congress classification 
998 f f |a RM301.3.G45 P4235 2012eb  |t 0  |l Available Online